000 00770nmc a2200301 a 4500
003 AR-BaBNM
005 20251128205905.0
008 048019s1975 ||||||||||||||000 | spa||
040 _cAR-BaBNM
100 1 _aMindszenty, Josef
_cCardenal
245 1 0 _aMemorias
260 _aBuenos Aires
_bEmecé
_c1975
300 0 _a371 p.
_bláms.
490 0 _aHechos reales: sucesos ocurridos en la realidad
650 4 _aHISTORIA CONTEMPORANEA
650 4 _aCOMUNISMO
650 4 _aTOTALITARISMO
650 4 _aLITERATURA CONTEMPORANEA
650 4 _aGUERRA FRIA
650 4 _aCATOLICISMO
650 4 _aBIOGRAFIAS
653 0 _aLITERATURA HUNGARA
653 0 _aMEMORIAS
655 _aLITERATURA
700 0 _aM.C.
_etraductor
942 _cBK
998 _cMARTIN
999 _c13179
_d13179